| 000 | 00649nam a2200253Ia 4500 | ||
|---|---|---|---|
| 003 | OSt | ||
| 005 | 20220928111947.0 | ||
| 006 | a|||||r|||| 00| 0 | ||
| 007 | ta | ||
| 008 | 220927b |||||||| |||| 00| 0 eng d | ||
| 024 | _a27524 | ||
| 037 | _cTextual | ||
| 040 |
_aSDCL _cSDCL _beng |
||
| 041 |
_2eng _aeng |
||
| 082 | _aG:68, N8 | ||
| 100 |
_aKrawczak M _9425621 |
||
| 245 | 0 | _aDNA fingerprinting. | |
| 250 | _a2 | ||
| 260 |
_aOxford _bBIOS Scientific Publishers _c1998 |
||
| 300 |
_aix,113p _ccm. |
||
| 700 |
_a Schmidtke J _9425622 |
||
| 942 |
_hG:68, N8 _cTEXL _2CC |
||
| 999 |
_c742651 _d742651 |
||